Skillful listening & speaking : Student's book

The course takes a skills-based approach with each unit distinguishing between and global and close skills. The nature of each unit encourages students to think about the world around them, creating exciting and engaging learning material. The skills boxes that appear throughout the books signal the...

Deskribapen osoa

Gorde:
Xehetasun bibliografikoak
Formatua: Liburua
Hizkuntza:Undetermined
Argitaratua: London Macmillan 2013
Gaiak:
Etiketak: Etiketa erantsi
Etiketarik gabe, Izan zaitez lehena erregistro honi etiketa jartzen!
Thư viện lưu trữ: Trung tâm Học liệu Trường Đại học Cần Thơ
LEADER 01042nam a2200217Ia 4500
001 CTU_207192
008 210402s9999 xx 000 0 und d
020 |c 227000 
082 |a 428.0071 
082 |b S628/B.2 
245 0 |a Skillful listening & speaking : 
245 0 |b Student's book 
245 0 |c David Bohlke, Robyn Brinks Lockwood ; Dorothy E. Zemach series consultant 
260 |a London 
260 |b Macmillan 
260 |c 2013 
520 |a The course takes a skills-based approach with each unit distinguishing between and global and close skills. The nature of each unit encourages students to think about the world around them, creating exciting and engaging learning material. The skills boxes that appear throughout the books signal the topic focus to the teacher, while providing the students with relevant tips, words and phrases. 
650 |a Tiếng Anh,English language,English language 
650 |x Nghe,Listening,Spoken english 
904 |i Tuyen 
980 |a Trung tâm Học liệu Trường Đại học Cần Thơ